FBI Crime Statistics by State - Statistics

General Stats
  • This quiz has been taken 244 times
  • The average score is 7 of 12
Answer Stats
Hint Answer % Correct
Highest in Homicide by Firearm, accounting for 86.2% of all murders Illinois
75%
Highest in Suicide at 22 deaths per 100,000 people Alaska
74%
Highest in Rape at 79 victims per 100,000 people Alaska
74%
Highest in Homicide by Stabbing, accounting for 31% of all murders Alaska
74%
Highest Incarceration rate at 858 prisoners per 100,000 people Louisiana
71%
Highest in Yearly State Expenditure on Corrections at $106,671 per prisoner Massachusetts
55%
Highest in Yearly State Police Expenditure at $136 per resident Vermont
51%
Highest in Homicide by being Beaten to Death (w/out a weapon) accounting for 36% of all murders South Dakota
46%
Highest in Violent Crime at 1,243 victims per 100,000 people District of Columbia
42%
Highest in Property Crime at 4,860 incidents per 100,000 people District of Columbia
42%
Highest in Child Maltreatment at 22 victims per 1,000 children District of Columbia
42%
Highest in Homicide at 14 victims per 100,00 people District of Columbia
42%
No matching quizzes found
Score Distribution
Percent of People with Each Score
Percentile by Number Answered
Your Score History
You have not taken this quiz